Flagi Państw Oceania - Statystyki

Ogólne statystyki
  • Ten quiz został rozwiązany 6 652 razy
  • Średni wynik to 11 z 14
Statystyki odpowiedzi
Obrazkowy Odpowiedź % Poprawnych
Australia
96%
Nowa Zelandia
93%
Papua-Nowa Gwinea
84%
Palau
83%
Fidżi
82%
Mikronezja
82%
Kiribati
81%
Tonga
81%
Wyspy Marshalla
78%
Nauru
74%
Wyspy Salomona
72%
Samoa
69%
Vanuatu
67%
Tuvalu
65%
Nie znaleziono quizów pasujących do podanych kryteriów
Rozkład punktacji
Procent ludzi z każdym wynikiem
Percentyl według liczby udzielonych odpowiedzi
Twoja historia wyników
Nie rozwiązałeś tego quizu